| 000 | 00379nam a2200157 4500 | ||
|---|---|---|---|
| 003 | OSt | ||
| 008 | 240702b |||||||| |||| 00| 0 eng d | ||
| 020 | _a9789390372676 | ||
| 082 |
_a981.438 _bPUN |
||
| 100 | _aPUNJ, Balbir | ||
| 245 | _aNarrative Ka Mayajaal | ||
| 260 |
_aNew Delhi _bPrabhat Prakashan Pvt. Ltd. _c2024 |
||
| 300 | _a398 | ||
| 650 | _aGeneral | ||
| 942 |
_2ddc _cBK |
||
| 999 |
_c12766 _d12766 |
||